Name Every Disney Character - Statistics

General Stats
  • This quiz has been taken 770 times
    763 since last reset
  • The average score is 109 of 306
Answer Stats
Movie Role Answer % Correct
Clubhouse Mouse Mickey
97%
Clubhouse Duck Donald
96%
Clubhouse Mouse Minnie
96%
Snow White and the Seven Dwarves Main character Snow White
93%
Clubhouse Duck Daisy
90%
Clubhouse Dog Pluto
88%
Pinocchio Main Character Pinocchio
84%
Alice In Wonderland Main Character Alice
81%
Cinderella Main Character Cinderella
81%
Clubhouse Cow Goofy
81%
Snow White and the Seven Dwarves Dwarf Grumpy
79%
Peter Pan Main Character Peter Pan
79%
Dumbo Main Character Dumbo
77%
Lady And The Tramp Main Character Lady
77%
Snow White and the Seven Dwarves Dwarf Sleepy
77%
Frozen Main Character Anna
76%
The Little Mermaid Main Character Ariel
76%
Sleeping Beauty Main Character Aurora
76%
Beauty And The Beast Main Character Belle
75%
Aladdin Main Character Aladdin
74%
Bambi Main Character Bambi
74%
Lady And The Tramp Main Character Tramp
74%
Beauty And The Beast Love Interest Beast
73%
Snow White and the Seven Dwarves Villain Evil Queen
73%
Snow White and the Seven Dwarves Dwarf Happy
73%
Pinocchio Villain Honest John
73%
Peter Pan Sibling John Darling
73%
Treasure Planet Villain John Silver
73%
Robin Hood Sidekick Little John
73%
Pocahontas Main Character Pocahontas
73%
Robin Hood Villain Prince John
73%
Snow White and the Seven Dwarves Dwarf Dopey
72%
Aladdin Love Interest Jasmine
72%
The Lion King Main Character Simba
72%
Snow White and the Seven Dwarves Dwarf Sneezy
71%
Hercules Main Character Hercules
70%
Mulan Main Character Mulan
70%
Cinderella Love Interest Prince Charming
70%
Tarzan Main Character Tarzan
70%
Snow White and the Seven Dwarves Dwarf Doc
69%
Robin Hood Main Character Robin Hood
69%
Peter Pan Main Character Wendy Darling
69%
Peter Pan Villain Captain Hook
68%
The Little Mermaid Love Interest Prince Eric
68%
The Little Mermaid Crab Sebastian
68%
The Lion King Villain Scar
67%
101 Dalmatians Villain Cruella DeVil
66%
Beauty And The Beast Villain Gaston
66%
Lilo And Stitch Main Character Lilo Pelekai
66%
The Lion King Father Mufasa
66%
Lilo And Stitch Main Character Stitch
66%
The Little Mermaid Villain Ursula
66%
Frozen Main Character Elsa
65%
Alice In Wonderland Villain Queen Of Hearts
65%
Dumbo Sidekick Timothy Q. Mouse
65%
Tangled Main Character Rapunzel
64%
Aladdin Villain Jafar
63%
The Lion King Love Interest Nala
63%
Princess And The Frog Main Character Tiana
63%
Aladdin Monkey Abu
62%
Snow White and the Seven Dwarves Dwarf Bashful
62%
Frozen Snowman Olaf
62%
The Little Mermaid Fish Flounder
61%
Moana Main Character Moana
61%
Wreck-It-Ralph Main Character Wreck-It-Ralph
61%
Alice In Wonderland Side Character Mad Hatter
60%
Sleeping Beauty Villain Maleficent
60%
Cinderella Mentor/Guide Fairy Godmother
59%
Beauty And The Beast Teacup Chip
58%
Tarzan Love Interest Jane
58%
The Jungle Book Main Character Mowgli
58%
Tangled Love Interest Eugene Fitzherbert
57%
Aladdin Sidekick Genie
57%
Hercules Villain Hades
57%
The Lion King Meerkat Timon
57%
Peter Pan Sidekick Tinkerbell
57%
The Jungle Book Bear Baloo
56%
Bolt Dog Bolt
56%
Princess And The Frog Firefly Ray
56%
Treasure Planet Main Character Jim Hawkins
55%
Pocahontas Love Interest John Smith
54%
The Little Mermaid Father King Triton
54%
Tangled Horse Maximus
54%
Bambi Friend Thumper
54%
Cinderella Mouse Gus Gus
53%
Hercules Love Interest Megara
53%
Beauty And The Beast Teapot Mrs Potts
53%
Frozen Reindeer Sven
53%
Beauty And The Beast Candelabra Lumiere
52%
Mulan Dragon Mushu
52%
Sleeping Beauty Love Interest Prince Phillip
52%
Frozen Villain Hans
51%
Tangled Villain Mother Gothel
51%
Hercules Father Zeus
51%
Zootopia Main Character Judy Hopps
49%
Frozen Love Interest Kristoff
49%
Hercules Mentor/Guide Phil
49%
Alice In Wonderland Side Character White Rabbit
49%
Cinderella Evil Sidekick Anastasia
48%
Peter Pan Evil Sidekick Mr Smee
48%
Alice In Wonderland Side Character Cheshire Cat
46%
Cinderella Evil Sidekick Drizella
46%
The AristoCats Kitten Marie
46%
Lady And The Tramp Pound Dog Peg
46%
Sleeping Beauty Fairy Flora
45%
Pinocchio Sidekick Jiminy Cricket
45%
Moana Sidekick Maui
45%
Tangled Chameleon Pascal
45%
Princess And The Frog Love Interest Prince Naveen
45%
The Lion King Warthog Pumbaa
45%
Aladdin Magical Item Carpet
44%
Beauty And The Beast Clock Cogsworth
44%
The Jungle Book Orangutan King Louie
44%
Raya And The Last Dragon Main Character Raya
44%
Sleeping Beauty Fairy Fauna
43%
Cinderella Villain Lady Tremaine
43%
101 Dalmatians Main Dog Pongo
43%
The Lion King Toucan Zazu
43%
Wreck-It-Ralph Friend Fix-It-Felix
42%
Pinocchio Father Gepetto
42%
The Hunchback Of Notre Dame Main Character Quasimodo
42%
Cinderella Cat Lucifer
41%
Encanto Main Character Mirabel Madrigal
41%
Hercules Flying Horse Pegasus
41%
The Lion King Baboon Rafiki
41%
Encanto Uncle Bruno Madrigal
40%
Bambi Friend Flower
40%
Zootopia Main Character Nick Wilde
40%
Mulan Love Interest Li Shang
39%
Sleeping Beauty Fairy Merryweather
39%
The Lion King Hyena Ed
36%
Encanto Uncle Felix Madrigal
36%
Peter Pan Sibling Michael Darling
36%
The Little Mermaid Seagull Scuttle
36%
Big Hero 6 Robot Baymax
35%
Moana Chicken Heihei
35%
Cinderella Mouse Jaq
35%
Robin Hood Love Interest Maid Marian
35%
The Hunchback Of Notre Dame Love Interest Esmeralda
34%
Encanto Sister Isabela Madrigal
34%
The Jungle Book Snake Kaa
34%
The Emperor's New Groove Evil Sidekick Kronk
34%
The Emperor's New Groove Main Character Kuzco
34%
Snow White and the Seven Dwarves Love Interest Prince Florian
34%
The AristoCats Love Interest Thomas O'Malley
34%
Atlantis: The Lost Empire Main Character Milo Thatch
33%
Hercules Mother Hera
32%
Snow White and the Seven Dwarves Evil Sidekick Huntsman
32%
Lilo And Stitch Sister Nani Pelekai
32%
The Emperor's New Groove Villain Yzma
32%
Princess And The Frog Alligator Louis
31%
Beauty And The Beast Father Maurice
31%
101 Dalmatians Main Dog Perdita
31%
The Jungle Book Tiger Shere Khan
31%
Aladdin Father Sultan
31%
Snow White and the Seven Dwarves Evil Sidekick Magic Mirror
30%
The Lion King Mother Sarabi
30%
The Jungle Book Panther Bagheera
29%
Big Hero 6 Main Character Hiro Hamada
29%
Hercules Evil Sidekick Pain
29%
Moana Pig Pua
29%
Wreck-It-Ralph Friend Vanellope Von Schweetz
29%
Princess And The Frog Best Friend Charlotte LaBouff
28%
Pinocchio Cat Figaro
28%
Beauty And The Beast Evil Sidekick LeFou
28%
Pocahontas Raccoon Meeko
28%
Pocahontas Friend Thomas
28%
The AristoCats Mother Cat Duchess
27%
Hercules Evil Sidekick Panic
27%
101 Dalmatians Main Human Anita
26%
Treasure Planet Sidekick BEN
26%
Pocahontas Tree Grandmother Willow
26%
Encanto Sister Luisa Madrigal
26%
The Fox And The Hound Owner Willow Tweed
26%
The Hunchback Of Notre Dame Villain Claude Frollo
25%
Princess And The Frog Villain Dr Facilier
25%
The Lion King 2 Daughter Kiara
25%
The Fox And The Hound Fox Tod
25%
Pinocchio Mentor/Guide Blue Fairy
24%
Robin Hood Friar Friar Tuck
24%
Wreck-It-Ralph Villain King Candy
24%
The Fox And The Hound Owl Big Mama
23%
101 Dalmatians Evil Sidekick Jasper
23%
Alice In Wonderland Side Character March Hare
23%
101 Dalmatians Main Human Roger
23%
The Lion King Hyena Shenzi
23%
Tarzan Villain Clayton
21%
Pinocchio Fish Cleo
21%
The Fox And The Hound Hound Copper
21%
Encanto Aunt Pepa Madrigal
21%
Big Hero 6 Brother Tadashi Hamada
21%
101 Dalmatians Evil Sidekick Horace
20%
The Lion King 2 Love Interest Kovu
20%
Dumbo Mother Mrs Jumbo
20%
The AristoCats Kitten Toulouse
20%
Lady And The Tramp Owner Darling
19%
Lilo And Stitch Love Interest David Kawena
19%
The AristoCats Villain Edgar
19%
Frozen Snowman Marshmallow
19%
The Emperor's New Groove Main Character Pacha
19%
Bolt Human Penny
19%
Moana Island Te Fiti
19%
The Little Mermaid Sister Aquata
18%
Encanto Cousin Dolores Madrigal
18%
Zootopia Sloth Flash
18%
Pocahontas Hummingbird Flit
18%
Princess And The Frog Voodoo Priestess Mama Odie
18%
The Little Mermaid Sister Alana
17%
The Lion King Hyena Banzai
17%
Big Hero 6 Hero Honey Lemon
17%
Lilo And Stitch Alien Jumba
17%
Atlantis: The Lost Empire Love Interest Kidagakash Nedakh
17%
Pinocchio Villain Stromboli
17%
The Little Mermaid Sister Adella
16%
The Little Mermaid Sister Arista
16%
Encanto Cousin Camilo Madrigal
16%
Lilo And Stitch Agent Cobra Bubbles
16%
Big Hero 6 Hero Fred
16%
Lady And The Tramp Friend Jock
16%
Pocahontas Pug Percy
16%
Mulan Villain Shan Yu
16%
Robin Hood Evil Sidekick Sir Hiss
16%
Tarzan Gorilla Friend Terk
16%
Encanto Cousin Antonio Madrigal
15%
The Little Mermaid Sister Attina
15%
The Fox And The Hound Hound Chief
15%
Bambi Love Interest Faline
15%
Pocahontas Villain Govenor Ratcliffe
15%
Brother Bear Brother Koda
15%
Mulan Friend Ling
15%
Bolt Cat Mittens
15%
The AristoCats Goose Amelia
14%
Zootopia Villain Assistant Mayor Bellwether
14%
The AristoCats Kitten Berlioz
14%
Treasure Planet Captain Captain Amelia
14%
Big Hero 6 Hero Gogo
14%
Tarzan Mother Kala
14%
Moana Crab Tamatoa
14%
Big Hero 6 Hero Wasabi
14%
The AristoCats Owner Madame
13%
The Hunchback Of Notre Dame Love Interest Phoebus
13%
Tarzan Elephant Friend Tantor
13%
Lady And The Tramp Friend Trusty
13%
Big Hero 6 Aunt Cass
12%
Pinocchio Evil Sidekick Gideon
12%
Brother Bear Main Character Kenai
12%
Lilo And Stitch Alien Pleakly
12%
The Lion King 2 Villain Zira
12%
Mulan Friend Chien Po
11%
Encanto Mother Julieta Madrigal
11%
Pocahontas Love Interest Kocoum
11%
Bolt Hamster Rhino
11%
The AristoCats Goose Abigail
10%
Tarzan Gorilla Leader Kerchak
10%
The AristoCats Jazz Cat Scat Cat
10%
Raya And The Last Dragon Dragon Sisu
10%
Moana Villain Te Ka
10%
Lilo And Stitch Alien Captain Gantu
9%
The Hunchback Of Notre Dame Gargoyle Hugo
9%
The Fox And The Hound Love Interest Vixey
9%
Mulan Friend Yao
9%
Encanto Abuela Alma Madrigal
8%
The Fox And The Hound Owner Amos Slade
8%
Tarzan Love Interest's Father Archimedes Q. Porter
8%
Atlantis: The Lost Empire Medic Joshua Sweet
8%
The AristoCats Goose Uncle Waldo
8%
The Hunchback Of Notre Dame Gargoyle Victor
8%
The Little Mermaid Sister Andrina
7%
Encanto Father Augustin Madrigal
7%
Atlantis: The Lost Empire Dirt Expert Gaetan Moliere
7%
Moana Coconuts Kakamora
7%
The Hunchback Of Notre Dame Gargoyle Laverne
7%
The Lion King 2 Evil Sidekick Nuka
7%
Big Hero 6 Villain Robert Callaghan
7%
Moana Grandmother Tala
7%
Frozen 2 Salamander Bruni
6%
Wreck-It-Ralph Love Interest Calhoun
6%
Princess And The Frog Evil Sidekick Lawrence
6%
Frozen Mother Queen Iduna
6%
Raya And The Last Dragon Pet TukTuk
6%
The Lion King 2 Evil Sidekick Vitani
6%
Atlantis: The Lost Empire Mechanic Audrey Ramirez
5%
Frozen Father King Agnarr
5%
Zootopia Mayor Mayor Lionhart
5%
Treasure Planet Sidekick Morph
5%
Pocahontas Best Friend Nakoma
5%
Brother Bear Brother Sitka
5%
Moana Father Tui
5%
The Emperor's New Groove Wife Chicha
4%
Atlantis: The Lost Empire Cook Cookie
4%
Brother Bear Brother Denahi
4%
Atlantis: The Lost Empire Villain Helga Sinclair
4%
Raya And The Last Dragon Villain Namaari
4%
Encanto Abuelo Pedro Madrigal
4%
Moana Mother Sina
4%
Zootopia Cheetah Clawhauser
3%
Atlantis: The Lost Empire Villain Lyle Tiberius Rourke
3%
Brother Bear Moose Rutt
3%
Brother Bear Moose Tuke
3%
Atlantis: The Lost Empire Demolition expert Vincenzo Santorini
3%
Raya And The Last Dragon Sidekick Boy Boun
2%
Treasure Planet Doctor Delbert Doppler
2%
Raya And The Last Dragon Sidekick Baby Noi
2%
Pocahontas Evil Sidekick Higgins
1%
Raya And The Last Dragon Sidekick Man Tong
1%
Atlantis: The Lost Empire Radio Operator Wilhemina Packard
0%
No matching quizzes found
Score Distribution
Percent of People with Each Score
Percentile by Number Answered
Your Score History
You have not taken this quiz since the last reset